000
00385nam a2200133Ia 4500
008
100328s9999 xx 000 0 und d
082
_b
67550
100
_a
ठाकूर योगेंद्र आणि खांबेटे सतीश.
245
_a
महाजन.
260
_b
आमोद.
630
_a
महाजन.
730
_a
महाजन.
942
_c
BOOK
999
_c
553289
_d
553286